000 00507nam a2200181 i 4500
001 134713
003 ES-MaACL
005 20250804012824.0
007 t|
008 070913s1926 gw ||||1| ger d
100 1 _aWeinhandl, Ferdinand.
_9164158
245 1 0 _aPerson Weltbild und Deutung /
_cvon Ferdinand Weinhandl.
260 _aErfurt :
_bStenger,
_c1926.
300 _a106 p. ;
_c24 cm.
650 7 _aMetafĂ­sica
_2embne
_915012
852 _aES-MaACL
_jA-1257
_bR.18968
999 _c134713
_d134713